National Assembly Library of Thailand

D-Day remembered from the invasion to the liberation of Paris ; Film: D-Day: Assault on fortress Europe / (ระเบียนเลขที่ 74151)

รายละเอียดในรูปแบบ MARC
000 -LEADER
fixed length control field 00794nma a22002297a 4500
003 - CONTROL NUMBER IDENTIFIER
control field NALT
005 - DATE AND TIME OF LATEST TRANSACTION
control field 20251006145632.0
006 - FIXED-LENGTH DATA ELEMENTS--ADDITIONAL MATERIAL CHARACTERISTICS
fixed length control field g q ||
008 - FIXED-LENGTH DATA ELEMENTS--GENERAL INFORMATION
fixed length control field s2014 eng d
040 ## - CATALOGING SOURCE
Original cataloging agency NALT
041 ## - LANGUAGE CODE
Language code of text/sound track or separate title eng
090 ## - LOCALLY ASSIGNED LC-TYPE CALL NUMBER (OCLC); LOCAL CALL NUMBER (RLIN)
Classification number (OCLC) (R) ; Classification number, CALL (RLIN) (NR) CD 2478
100 1# - MAIN ENTRY--PERSONAL NAME
Personal name Holmes, Richard
9 (RLIN) 33017
245 10 - TITLE STATEMENT
Title D-Day remembered from the invasion to the liberation of Paris ; Film: D-Day: Assault on fortress Europe /
Statement of responsibility, etc. Richard Holmes, Andre Deutsch.
260 ## - PUBLICATION, DISTRIBUTION, ETC.
Place of publication, distribution, etc. London :
Name of publisher, distributor, etc. Andre Deutsch,
Date of publication, distribution, etc. 2014.
300 ## - PHYSICAL DESCRIPTION
Extent 1 ซีดี - รอม :
Other physical details เสียง., สี.
Dimensions 4 3/4 นิ้ว.
650 #0 - SUBJECT ADDED ENTRY--TOPICAL TERM
Topical term or geographic name entry element World War, 1939-1945
General subdivision Campaigns
Geographic subdivision France
-- Normandy
9 (RLIN) 33018
651 #0 - SUBJECT ADDED ENTRY--GEOGRAPHIC NAME
Geographic name Normandy (France)
General subdivision History
9 (RLIN) 33019
700 1# - ADDED ENTRY--PERSONAL NAME
Personal name Deutsch, Andre
9 (RLIN) 66676
850 ## - HOLDING INSTITUTION
Holding institution NALT
942 ## - ADDED ENTRY ELEMENTS (KOHA)
Koha item type CD
Source of classification or shelving scheme Local Classification
998 ## - STAFF NAME (NALT)
-- 104
-- นางสาวสายฝน ดีงาม
รายการที่มีในห้องสมุด
Withdrawn status Lost status Source of classification or shelving scheme Damaged status Not for loan Collection code Home library Current library Source of acquisition Total Checkouts Full call number Barcode Date last seen Price effective from Koha item type
    Local Classification     Audio-Visual Materials collection National Assembly Library of Thailand National Assembly Library of Thailand บริจาค   CD 2478 3961197447 09/06/2017 09/06/2017 CD
หอสมุดรัฐสภา
สำนักงานเลขาธิการสภาผู้แทนราษฎร เลขที่ 1111 ถนนสามเสน แขวงถนนนครไชยศรี เขตดุสิต กรุงเทพฯ 10300
The Secretariat of the House of Representatives 1111 Samsen Road, Thanon Nakhon Chai Si, Dusit, Bangkok 10300, THAILAND
โทรศัพท์: +66(0) 2242 5900 ต่อ 5714-5 โทรสาร: +66(0) 2242 5990 อีเมล: [email protected]